00377nam a22001337a 450000500170000000800410001702000180005804000130007608200190008910000200010824500700012826000340019830000110023220180411091029.0180411b xxu||||| |||| 00| 0 eng d a9781784535636 cPK-LaUMT a320.955bPAY-R aPay, Vahid Nick aRepublican Islam :bpower and authority in Iran /cVahid Nick Pay aLondon :bI. B. Tauris,c2016 a339 p.